000 00984cam a2200313 i 4500
001 200468088
003 TR-AnTOB
005 20260413165123.0
007 ta
008 161017s2009 enk 000 0 eng d
020 _a9780230723221
040 _aTİCARETÜNV
_beng
_erda
_cTİCARETÜNV
_dTR-AnTOB
041 0 _aeng
050 0 0 _aPE1128
_b.M23 2009
090 _aPE1128
_b.M23 2009
100 1 _aMcCarter, Sam
_eauthor
_9153620
245 1 0 _aUncovering EAP :
_bteaching academic writing and reading /
_cSam McCarter, Phil Jakes.
264 1 _aLondon :
_bMacmillan Education,
_c2009.
300 _a176 pages :
_bpictures, graphics ;
_c26 cm
336 _atext
_btxt
_2rdacontent
337 _aunmediated
_bn
_2rdamedia
338 _avolume
_bnc
_2rdacarrier
490 0 _aMacmillan books for teachers.
504 _aBIBINDX
650 0 _aEnglish language
_xStudy and teaching
_95872
830 0 _aMacmillan books for teachers.
942 _2lcc
_cBK
999 _c200468088
_d86300